| 000 | 00547nam a2200169 i 4500 | ||
|---|---|---|---|
| 001 | 56208 | ||
| 003 | ES-MaACL | ||
| 005 | 20230906163316.0 | ||
| 007 | t| | ||
| 008 | 031006s1927 sp ||||1| spa d | ||
| 100 | 1 |
_aDíaz Sarasola, Ricardo. _944428 |
|
| 245 | 1 | 0 |
_aEstado actual del tratamiento quirúrgico de la angina de pecho / _cpor Ricardo Díaz Sarasola. |
| 260 |
_aMadrid : _b[s.n.], _c1927. |
||
| 300 |
_a73 p. ; _c25 cm. |
||
| 500 | _aEs separata de: Archivos de Cardiología y Hematología", VIII, 1927. | ||
| 852 |
_aES-MaACL _j1719-F-9 |
||
| 999 |
_c56208 _d56208 |
||